000 00429nam a2200145Ia 4500
008 100122s9999 xx 000 0 und d
082 _b52171
_a612
100 _aजोशी नारायण
245 _aमानवी शरीर
260 _bजिज्ञासा प्रकाशन
_c1995
300 _a57
630 _aमानवी शरीर
730 _aमानवी शरीर
942 _cBOOK
999 _c429442
_d429439